| 000 | 01014nam a2200253Ia 4500 | ||
|---|---|---|---|
| 003 | OSt | ||
| 005 | 20220918110907.0 | ||
| 006 | a|||||r|||| 00| 0 | ||
| 007 | ta | ||
| 008 | 220915b |||||||| |||| 00| 0 hin d | ||
| 020 |
_a9788171381869 (hbk) _c2550 |
||
| 024 | _a250340 | ||
| 037 |
_b409, 23/03/2009, Swaraj Prakashan _cReference Collections |
||
| 040 |
_aARTS _cARTS _bhin |
||
| 041 |
_2hin _ahin |
||
| 082 | _aO152,6N356x, P9.1-.3 (RR) | ||
| 100 | _aमाथुर, राजेन्द्र | ||
| 245 | 0 | _aराम नाम से प्रजातंत्र तक | |
| 246 | _aRām nām se prajātantra taka | ||
| 260 |
_aनई दिल्ली _bसामयिक प्रकाशन भारत _c2009 |
||
| 650 | _aहिन्दी साहित्य | ||
| 942 |
_hO152,6N356x, P9.1-.3 (RR) _cREF |
||
| 999 |
_c115576 _d115576 |
||